[Event "Titled Tuesday intern op 16th Jan Early"]
[Site "Chess.com INT"]
[Date "2024.01.16"]
[Round "6"]
[White "Garbarino, Rodolfo"]
[Black "Hansch, Karsten"]
[Result "0-1"]
[WhiteElo "2345"]
[BlackElo "2236"]
[PlyCount "108"]
[EventDate "2024.01.16"]
[EventType "swiss (blitz)"]
[EventRounds "11"]
[EventCountry "USA"]
[SourceTitle "CB04_2024"]
[SourceDate "2023.10.16"]
[SourceVersion "1"]
[SourceVersionDate "2023.10.16"]
[SourceQuality "1"]

1. e4 c6 2. Nc3 d5 3. d4 dxe4 4. Nxe4 Nf6 5. Nxf6+ exf6 6. c3 Bd6 7. Bd3 0-0 8. Qh5 g6 9. Qh4 Re8+ 10. Ne2 f5 11. Bg5 Be7 12. Bxe7 Qxe7 13. Qxe7 Rxe7 14. Kd2 Nd7 15. Rhe1 Nf6 16. f3 Bd7 17. h4 Rae8 18. Nf4 h6 19. Nh3 Nd5 20. Rxe7 Rxe7 21. Re1 Rxe1 22. Kxe1 f4 23. Nf2 Ne3 24. Bf1 Bf5 25. Ne4 Bxe4 26. fxe4 f6 27. Kf2 g5 28. Bd3 Nd1+ 29. Kf3 Nxb2 30. Be2 Kg7 31. Kg4 Na4 32. c4 Nc3 33. Bd3 Nxa2 34. e5 Nb4 35. Be4 fxe5 36. dxe5 gxh4 37. Kxf4 Kf7 38. Kg4 a5 39. Kxh4 a4 40. Kh5 a3 41. Bb1 Kg7 42. e6 a2 43. Bxa2 Nxa2 44. g4 Nc3 45. e7 Kf7 46. Kxh6 Ne4 47. g5 Kxe7 48. g6 Nf6 49. g7 b5 50. cxb5 cxb5 51. Kg5 b4 52. Kf4 b3 53. Ke3 b2 54. Kd2 b1Q 0-1

[Event "Titled Tuesday intern op 16th Jan Early"]
[Site "Chess.com INT"]
[Date "2024.01.16"]
[Round "1"]
[White "Plyasunov, Daniil"]
[Black "Garbarino, Rodolfo"]
[Result "0-1"]
[WhiteElo "2249"]
[BlackElo "2345"]
[PlyCount "48"]
[EventDate "2024.01.16"]
[EventType "swiss (blitz)"]
[EventRounds "11"]
[EventCountry "USA"]
[SourceTitle "CB04_2024"]
[SourceDate "2023.10.16"]
[SourceVersion "1"]
[SourceVersionDate "2023.10.16"]
[SourceQuality "1"]

1. e4 e5 2. Nf3 Nc6 3. Bb5 f5 4. exf5 e4 5. Qe2 Qe7 6. Bxc6 dxc6 7. Nd4 Nh6 8. Nc3 Nxf5 9. Nxf5 Bxf5 10. 0-0 0-0-0 11. Re1 Re8 12. b3 Qe5 13. Bb2 Bd6 14. g3 Qe6 15. Qc4 Qg6 16. Ne2 h5 17. Qd4 h4 18. Qxg7 Qh5 19. Qxh8 Rxh8 20. Bxh8 Qxh8 21. Nc3 hxg3 22. fxg3 Bc5+ 23. Kg2 Qh3+ 24. Kh1 Bg4 0-1

[Event "Titled Tuesday intern op 01st Sept"]
[Site "Chess.com INT"]
[Date "2020.09.01"]
[Round "6"]
[White "Harper, Ryan"]
[Black "Garbarino, Rodolfo"]
[Result "0-1"]
[WhiteElo "2189"]
[BlackElo "2345"]
[PlyCount "104"]
[EventDate "2020.09.01"]
[EventType "swiss (blitz)"]
[EventRounds "10"]
[EventCountry "USA"]
[SourceTitle "CBM 198 Extra"]
[Source "ChessBase"]
[SourceDate "2020.11.30"]
[SourceVersion "1"]
[SourceVersionDate "2020.11.30"]
[SourceQuality "1"]

1. e4 e5 2. Nf3 Nc6 3. Bc4 Bc5 4. 0-0 d6 5. d3 Qf6 6. c3 Bg4 7. Nbd2 Nge7 8. b4 Bb6 9. a4 a6 10. a5 Ba7 11. Qa4 0-0 12. h3 Bd7 13. Qd1 Ng6 14. Nb3 Nf4 15. Bxf4 Qxf4 16. Qd2 Qf6 17. Qg5 Qxg5 18. Nxg5 h6 19. Nf3 Kh7 20. g4 f6 21. Nbd2 Ne7 22. Nh4 c6 23. Bb3 Rac8 24. Rfe1 d5 25. Nf1 g5 26. Nf5 Bxf5 27. gxf5 Rfd8 28. Rad1 c5 29. exd5 cxb4 30. cxb4 Nxd5 31. Bxd5 Rxd5 32. Ne3 Bxe3 33. fxe3 Rc3 34. Rc1 Rdxd3 35. Rxc3 Rxc3 36. Kf2 Rb3 37. Rd1 Rxb4 38. Rd7+ Kg8 39. Kf3 h5 40. Rc7 g4+ 41. hxg4 hxg4+ 42. Kg3 Kf8 43. Kh4 Ke8 44. Kg3 Rb5 45. Kxg4 Kd8 46. Rf7 Rxa5 47. Rxf6 b5 48. Re6 Ra1 49. f6 Rf1 50. Kg5 b4 51. Rxe5 b3 52. Rd5+ Kc7 0-1

[Event "Titled Tuesday intern op 01st Sept"]
[Site "Chess.com INT"]
[Date "2020.09.01"]
[Round "7"]
[White "Mezentsev, Ivan"]
[Black "Garbarino, Rodolfo"]
[Result "1-0"]
[WhiteElo "2354"]
[BlackElo "2345"]
[PlyCount "85"]
[EventDate "2020.09.01"]
[EventType "swiss (blitz)"]
[EventRounds "10"]
[EventCountry "USA"]
[SourceTitle "CBM 198 Extra"]
[Source "ChessBase"]
[SourceDate "2020.11.30"]
[SourceVersion "1"]
[SourceVersionDate "2020.11.30"]
[SourceQuality "1"]

1. d4 d5 2. Nf3 Nf6 3. Bf4 c5 4. e3 Nc6 5. c3 Bf5 6. dxc5 e6 7. b4 Be7 8. Nd4 Bg6 9. Bb5 Qd7 10. Nd2 0-0 11. 0-0 Nh5 12. N2f3 f6 13. Bg3 Nxg3 14. hxg3 e5 15. Nxc6 bxc6 16. Ba4 Bh5 17. Qd2 a5 18. a3 Qe6 19. Bb3 Rfd8 20. e4 Kh8 21. Rfe1 Qd7 22. exd5 cxd5 23. Rad1 Bf7 24. Qb2 Qb7 25. Nh4 Bxc5 26. bxc5 a4 27. Nf5 axb3 28. Nd6 Qe7 29. Qxb3 Be6 30. Qb4 Rdb8 31. Qh4 Rxa3 32. Rxe5 Rxc3 33. Rde1 Rxc5 34. Rxe6 Qf8 35. Re8 Rxe8 36. Rxe8 Rc8 37. Rxc8 Qxc8 38. Nxc8 h6 39. Qh5 Kh7 40. Ne7 d4 41. Qg6+ Kh8 42. Qe8+ Kh7 43. Qg8# 1-0

[Event "Titled Tuesday intern op 01st Sept"]
[Site "Chess.com INT"]
[Date "2020.09.01"]
[Round "9"]
[White "Potapova, Margarita"]
[Black "Garbarino, Rodolfo"]
[Result "0-1"]
[WhiteElo "2270"]
[BlackElo "2345"]
[PlyCount "116"]
[EventDate "2020.09.01"]
[EventType "swiss (blitz)"]
[EventRounds "10"]
[EventCountry "USA"]
[SourceTitle "CBM 198 Extra"]
[Source "ChessBase"]
[SourceDate "2020.11.30"]
[SourceVersion "1"]
[SourceVersionDate "2020.11.30"]
[SourceQuality "1"]

1. d4 d5 2. c4 e6 3. Nc3 Nf6 4. Nf3 Nbd7 5. Bf4 Bb4 6. e3 c5 7. a3 Bxc3+ 8. bxc3 Qa5 9. Qc2 Ne4 10. Bd3 Qxc3+ 11. Qxc3 Nxc3 12. 0-0 cxd4 13. Nxd4 e5 14. Rac1 exd4 15. exd4 Ne4 16. f3 Nef6 17. Rfe1+ Kd8 18. cxd5 Nxd5 19. Bd6 N7f6 20. Bb5 Bd7 21. Bd3 Re8 22. Be5 Rc8 23. Rb1 Rc3 24. Bf1 b6 25. a4 Bxa4 26. Ra1 b5 27. h4 Kd7 28. Reb1 a6 29. Kf2 Ne3 30. Be2 Nc4 31. f4 Ne4+ 32. Kg1 f6 33. Bg4+ Kc6 34. Bf3 fxe5 35. Bxe4+ Kc7 36. fxe5 Nd2 37. Re1 Nb3 38. Rad1 Na5 39. Rd2 Nc4 40. Rd3 Rxd3 41. Bxd3 Bb3 42. Kf2 a5 43. Kg3 a4 44. Kf4 a3 45. d5 Nxe5 46. Bxb5 Ng6+ 47. Kg5 Rxe1 48. h5 Ne7 49. Bd3 Kd6 50. h6 gxh6+ 51. Kxh6 Nxd5 52. g4 a2 53. Kg7 a1Q+ 54. Kf7 Qe5 55. g5 Qxg5 56. Kf8 Re7 57. Bg6 Qf6+ 58. Kg8 Qg7# 0-1

[Event "WchT Seniors 50"]
[Site "Rhodes"]
[Date "2019.04.23"]
[Round "8.8"]
[White "Garbarino, Rodolfo"]
[Black "Wagner Michel, Annett"]
[Result "1-0"]
[WhiteElo "2335"]
[BlackElo "2056"]
[PlyCount "107"]
[EventDate "2019.04.16"]
[EventType "team-swiss"]
[EventRounds "9"]
[EventCountry "GRE"]
[SourceTitle "CBM 190 Extra"]
[Source "ChessBase"]
[SourceDate "2019.07.15"]
[SourceVersion "1"]
[SourceVersionDate "2019.07.15"]
[SourceQuality "1"]
[WhiteTeam "Argentina"]
[BlackTeam "Germany (Women)"]
[WhiteTeamCountry "ARG"]
[BlackTeamCountry "GER"]

1. e4 c5 2. Nc3 Nc6 3. Nf3 g6 4. d4 cxd4 5. Nxd4 Bg7 6. Nb3 d6 7. f4 Nf6 8. Bd3 0-0 9. 0-0 a5 10. a4 Nb4 11. h3 Qb6+ 12. Kh2 Be6 13. Ra3 Rac8 14. Rf3 Nxd3 15. cxd3 Rfe8 16. f5 Bd7 17. Be3 Qc7 18. Kh1 e6 19. fxg6 fxg6 20. Nd4 Re7 21. Qg1 Qb8 22. Ndb5 Bxb5 23. axb5 Nd7 24. Bg5 Ree8 25. d4 Rc4 26. Be3 b6 27. Ra1 Rf8 28. Raf1 Rxf3 29. Rxf3 Qe8 30. Qf1 Rb4 31. Qf2 Rc4 32. Qd2 Qe7 33. Bg5 Qe8 34. Rd3 Qf7 35. Kg1 Qf8 36. e5 d5 37. Rf3 Qb4 38. Qf4 Qf8 39. Bf6 Qe8 40. h4 h6 41. Qd2 Bf8 42. Ne2 Bg7 43. Qd3 Rc7 44. Bxg7 Kxg7 45. Nf4 Nf8 46. Rg3 Qf7 47. Nxg6 Rc1+ 48. Kh2 Nxg6 49. h5 Qf4 50. Qxg6+ Kf8 51. Qxe6 Rh1+ 52. Kxh1 Qxg3 53. Qxh6+ Ke7 54. Qd6+ 1-0

[Event "WchT Seniors 50"]
[Site "Rhodes"]
[Date "2019.04.22"]
[Round "7.4"]
[White "Tischbierek, Raj"]
[Black "Garbarino, Rodolfo"]
[Result "1-0"]
[WhiteElo "2435"]
[BlackElo "2335"]
[PlyCount "133"]
[EventDate "2019.04.16"]
[EventType "team-swiss"]
[EventRounds "9"]
[EventCountry "GRE"]
[SourceTitle "CBM 190 Extra"]
[Source "ChessBase"]
[SourceDate "2019.07.15"]
[SourceVersion "1"]
[SourceVersionDate "2019.07.15"]
[SourceQuality "1"]
[WhiteTeam "Germany"]
[BlackTeam "Argentina"]
[WhiteTeamCountry "GER"]
[BlackTeamCountry "ARG"]

1. e4 e5 2. Nf3 Nc6 3. Bc4 Bc5 4. d3 Nf6 5. Nc3 d6 6. Na4 Bb6 7. a3 Be6 8. Nxb6 axb6 9. Bxe6 fxe6 10. 0-0 0-0 11. Re1 Nd7 12. c3 Qf6 13. Bg5 Qg6 14. Bh4 Qh5 15. Bg3 Kh8 16. Rc1 Rad8 17. d4 Qh6 18. Qe2 Rf7 19. Red1 exd4 20. cxd4 Nf6 21. b4 Nh5 22. b5 Nxg3 23. hxg3 Na7 24. d5 Re8 25. Qd3 e5 26. a4 Qf6 27. Rc3 g5 28. Qe3 h6 29. Rdc1 Ree7 30. R1c2 Qg6 31. Rc4 Nc8 32. g4 Kg8 33. Nh2 h5 34. Qh3 h4 35. Nf1 Rd7 36. Ne3 Ne7 37. f3 Qf6 38. Rxc7 Rxc7 39. Rxc7 Qf4 40. Rc3 Rf8 41. Qh2 Qf6 42. Nf5 Nxf5 43. gxf5 Ra8 44. Rc4 Qd8 45. g3 Rc8 46. Rxc8 Qxc8 47. Qd2 Kf7 48. Qxg5 Qc5+ 49. Kg2 hxg3 50. Qxg3 Qc2+ 51. Kh3 Qc1 52. Qg6+ Ke7 53. Qe6+ Kd8 54. Qxd6+ Kc8 55. Qe6+ Kd8 56. Qxb6+ Ke8 57. Qg6+ Kd8 58. Qf6+ Kd7 59. Qxe5 Qg5 60. Qe6+ Kd8 61. Qg6 Qc1 62. Kg4 Qg1+ 63. Kh5 Qh2+ 64. Kg5 Qg3+ 65. Kh6 Qh4+ 66. Kg7 Qe7+ 67. Kg8 1-0

[Event "ARG-ch 85th"]
[Site "Buenos Aires"]
[Date "2010.07.09"]
[Round "5"]
[White "Garbarino, Rodolfo"]
[Black "Barrionuevo, Pablo"]
[Result "0-1"]
[WhiteElo "2350"]
[BlackElo "2337"]
[PlyCount "86"]
[EventDate "2010.07.05"]
[EventType "swiss"]
[EventRounds "11"]
[EventCountry "ARG"]
[SourceTitle "CBM 137 Extra"]
[Source "ChessBase"]
[SourceDate "2010.09.01"]
[SourceVersion "1"]
[SourceVersionDate "2010.09.01"]
[SourceQuality "1"]

1. e4 c5 2. Nf3 Nc6 3. Nc3 g6 4. Bb5 Nd4 5. Ba4 Bg7 6. 0-0 Nh6 7. d3 0-0 8. Nxd4 cxd4 9. Ne2 e5 10. c3 dxc3 11. Nxc3 d6 12. Bb3 Kh8 13. f3 f5 14. Be3 Bd7 15. Qd2 f4 16. Bf2 g5 17. h3 Qf6 18. Nd5 Qg6 19. Nc7 Rac8 20. Rac1 b6 21. Nd5 Qh5 22. Rxc8 Bxc8 23. Ne7 Bd7 24. Rc1 g4 25. Rc7 Qe8 26. Bh4 gxf3 27. gxf3 Bf6 28. Bxf6+ Rxf6 29. Nd5 Rg6+ 30. Kf2 Qd8 31. Qe1 Qh4+ 32. Ke2 Rg2+ 33. Kd1 Qxh3 34. Rxd7 Qxd7 35. Qh4 Rg1+ 36. Kd2 Qg7 37. Qd8+ Ng8 38. Kc3 Rg6 39. Nc7 Qe7 40. Qc8 d5 41. Bxd5 Qc5+ 42. Kb3 Rg7 43. Bxg8 Qxc7 0-1

[Event "Necochea-A"]
[Site "Necochea"]
[Date "2007.02.17"]
[Round "6"]
[White "Cubas, Jose Fernando"]
[Black "Garbarino, Rodolfo"]
[Result "1/2-1/2"]
[WhiteElo "2414"]
[BlackElo "2374"]
[PlyCount "42"]
[EventDate "2007.02.14"]
[EventType "tourn"]
[EventRounds "9"]
[EventCountry "ARG"]
[EventCategory "3"]
[SourceTitle "CBM 116 Extra"]
[Source "ChessBase"]
[SourceDate "2007.03.07"]
[SourceVersion "1"]
[SourceVersionDate "2007.03.07"]
[SourceQuality "1"]

1. e4 c5 2. Nf3 d6 3. d4 cxd4 4. Nxd4 Nf6 5. Nc3 g6 6. Be2 Bg7 7. Nb3 Nc6 8. f4 Qb6 9. h3 h5 10. Rf1 Be6 11. Rf3 Bxb3 12. axb3 Nd4 13. Rd3 Nxe2 14. Kxe2 Qc6 15. Rd4 0-0 16. Be3 b5 17. Qd3 Rfc8 18. Rb4 a6 19. Kd2 e6 20. Rd1 Bf8 21. Rd4 Rab8 1/2-1/2

[Event "Buenos Aires-ch qual"]
[Site "Buenos Aires"]
[Date "2006.03.21"]
[Round "1.16"]
[White "Garbarino, Rodolfo"]
[Black "Alvarez, Roberto Gabriel"]
[Result "1-0"]
[WhiteElo "2381"]
[BlackElo "2149"]
[PlyCount "99"]
[EventDate "2006.03.21"]
[EventType "swiss"]
[EventRounds "9"]
[EventCountry "ARG"]
[SourceTitle "CBM 111 Extra"]
[Source "ChessBase"]
[SourceDate "2006.05.09"]
[SourceVersion "1"]
[SourceVersionDate "2006.05.09"]
[SourceQuality "1"]

1. e4 Nf6 2. e5 Nd5 3. d4 c6 4. Nf3 d6 5. h3 g6 6. c4 Nc7 7. Nc3 dxe5 8. Nxe5 Nd7 9. Nf3 Bg7 10. Be2 0-0 11. 0-0 c5 12. d5 b5 13. cxb5 Nb6 14. Be3 Ncxd5 15. Nxd5 Nxd5 16. Bxc5 Bxb2 17. Rb1 Bf6 18. Bd4 Nc3 19. Bxc3 Qxd1 20. Rfxd1 Bxc3 21. Rbc1 Bb4 22. Nd4 Bd6 23. Bf3 Rb8 24. Nc6 Rxb5 25. Rxd6 exd6 26. Ne7+ Kg7 27. Nxc8 Ra5 28. Rc2 Rd8 29. Ne7 Rd7 30. Nd5 Ra3 31. Ne3 d5 32. Rd2 d4 33. Nc4 Rc3 34. Ne5 Rd6 35. Nd3 a5 36. Bd1 Rc7 37. Bb3 Kf6 38. f4 h5 39. Kf2 Kg7 40. Ne5 Rd8 41. Rd3 f6 42. Nf3 Rcd7 43. a4 Rd6 44. Bc4 Rc8 45. Bb5 Rc2+ 46. Kf1 Rc3 47. Ke2 Rc2+ 48. Rd2 d3+ 49. Bxd3 Re6+ 50. Kf2 1-0

[Event "Escobar op g75' 2nd"]
[Site "Escobar"]
[Date "2004.02.??"]
[Round "6.4"]
[White "Filgueira, Hernan"]
[Black "Garbarino, Rodolfo"]
[Result "0-1"]
[WhiteElo "2376"]
[BlackElo "2393"]
[PlyCount "96"]
[EventDate "2004.02.06"]
[EventType "swiss (rapid)"]
[EventRounds "7"]
[EventCountry "ARG"]
[SourceTitle "CBM 098 Extra"]
[Source "ChessBase"]
[SourceDate "2004.03.10"]
[SourceVersion "2"]
[SourceVersionDate "2004.03.10"]
[SourceQuality "1"]

1. d4 d5 2. c4 e6 3. Nc3 Nf6 4. cxd5 exd5 5. Bg5 Be7 6. e3 0-0 7. Bd3 Nbd7 8. Nge2 Re8 9. 0-0 c6 10. Rb1 Nf8 11. b4 a6 12. a4 Ng6 13. b5 axb5 14. axb5 Bd6 15. Ng3 h6 16. Bxf6 Qxf6 17. Qc2 Nh4 18. Rfe1 Ba3 19. Red1 Bg4 20. Be2 Bxe2 21. Ncxe2 Qg6 22. Qxg6 Nxg6 23. bxc6 bxc6 24. Nc3 Reb8 25. Rxb8+ Rxb8 26. Nb1 Bb4 27. Ne2 Ne7 28. g3 g5 29. Nbc3 f6 30. Rb1 Bd6 31. Rxb8+ Bxb8 32. Nc1 Kf7 33. Nb3 Bd6 34. Kf1 f5 35. f4 g4 36. Ke2 h5 37. Na4 h4 38. Nb2 h3 39. Nd3 Ke8 40. Nd2 Kd7 41. Ke1 Ng8 42. Nb3 Nf6 43. Ndc5+ Bxc5 44. dxc5 Ne4 45. Nd4 Nxg3 46. Kf2 Ne4+ 47. Kf1 Nxc5 48. Nxf5 Ne4 0-1

[Event "ICC-ch blitz fin"]
[Site "ICC INT"]
[Date "2002.08.18"]
[Round "2.2"]
[White "Garbarino, Rodolfo"]
[Black "Labollita, Martin"]
[Result "1-0"]
[WhiteElo "2393"]
[BlackElo "2392"]
[PlyCount "88"]
[EventDate "2002.08.17"]
[EventType "k.o. (blitz)"]
[EventRounds "6"]
[EventCountry "USA"]
[SourceTitle "EXT 2003"]
[Source "ChessBase"]
[SourceDate "2002.11.25"]
[SourceVersion "1"]
[SourceVersionDate "2002.11.25"]
[SourceQuality "1"]

1. e4 e6 2. Nf3 d5 3. Nc3 Nf6 4. e5 Nfd7 5. d4 c5 6. dxc5 Nc6 7. Bf4 Bxc5 8. Bd3 f6 9. exf6 Nxf6 10. Qe2 0-0 11. 0-0-0 a6 12. Ne5 Nxe5 13. Bxe5 b5 14. Kb1 Bb7 15. f4 Qe8 16. Qf3 b4 17. Ne2 a5 18. Qh3 h6 19. Nd4 Bxd4 20. Bxd4 Ne4 21. Qg4 Rf7 22. Qg6 Rc8 23. Rhe1 a4 24. Re3 Qc6 25. Rc1 Rcc7 26. Be5 Rcd7 27. Rh3 Kf8 28. Bxe4 dxe4 29. Qh7 Qc8 30. Rg3 e3 31. Bxg7+ Ke7 32. Rxe3 Kd6 33. Be5+ Kc6 34. Qxh6 Rd2 35. g4 Kb5 36. Qh5 Rfd7 37. c4+ bxc3 38. Rexc3 Be4+ 39. Ka1 a3 40. Rxc8 R7d5 41. Rb8+ Ka6 42. Qf7 Rxe5 43. fxe5 axb2+ 44. Rxb2 Rxb2 1-0

[Event "ICC-ch blitz fin"]
[Site "ICC INT"]
[Date "2002.08.18"]
[Round "2.4"]
[White "Garbarino, Rodolfo"]
[Black "Labollita, Martin"]
[Result "1-0"]
[WhiteElo "2393"]
[BlackElo "2392"]
[PlyCount "70"]
[EventDate "2002.08.17"]
[EventType "k.o. (blitz)"]
[EventRounds "6"]
[EventCountry "USA"]
[SourceTitle "EXT 2003"]
[Source "ChessBase"]
[SourceDate "2002.11.25"]
[SourceVersion "1"]
[SourceVersionDate "2002.11.25"]
[SourceQuality "1"]

1. e4 e6 2. Nf3 d5 3. Nc3 Nf6 4. e5 Nfd7 5. d4 c5 6. dxc5 Nc6 7. Bf4 Bxc5 8. Bd3 f6 9. exf6 Nxf6 10. Qe2 0-0 11. 0-0-0 a6 12. Ne5 Nxe5 13. Bxe5 b5 14. f4 Bb7 15. Qf3 b4 16. Ne2 Qe7 17. Qh3 a5 18. g4 a4 19. Kb1 Ne4 20. Ng3 b3 21. cxb3 axb3 22. axb3 Bc6 23. Nxe4 dxe4 24. Bc4 e3 25. Bd3 h6 26. g5 Rf5 27. gxh6 e2 28. Bxe2 Bxh1 29. Rxh1 Rxe5 30. fxe5 Qa7 31. Qxe6+ Kh7 32. Bd3+ Kh8 33. hxg7+ Qxg7 34. Qh3+ Kg8 35. Bc4+ Kf8 1-0

[Event "ICC-ch blitz fin"]
[Site "ICC INT"]
[Date "2002.08.17"]
[Round "1.1"]
[White "Garbarino, Rodolfo"]
[Black "Pavlovic, Milos"]
[Result "1/2-1/2"]
[WhiteElo "2393"]
[BlackElo "2531"]
[PlyCount "83"]
[EventDate "2002.08.17"]
[EventType "k.o. (blitz)"]
[EventRounds "6"]
[EventCountry "USA"]
[SourceTitle "EXT 2003"]
[Source "ChessBase"]
[SourceDate "2002.11.25"]
[SourceVersion "1"]
[SourceVersionDate "2002.11.25"]
[SourceQuality "1"]

1. e4 c5 2. Nf3 e6 3. Nc3 Nc6 4. d4 cxd4 5. Nxd4 Nf6 6. a3 Qc7 7. f4 Nxd4 8. Qxd4 Bc5 9. Qd1 e5 10. Qf3 d6 11. Bb5+ Bd7 12. Bxd7+ Qxd7 13. Be3 Rc8 14. fxe5 dxe5 15. Bxc5 Rxc5 16. Rd1 Qe6 17. 0-0 0-0 18. Qe3 b6 19. Rd3 h6 20. Rfd1 Rc6 21. h3 Kh7 22. Qe2 Rfc8 23. Qf3 a6 24. R1d2 b5 25. Rf2 Rc4 26. Rfd2 R8c6 27. Rd8 Qe7 28. Qf5+ g6 29. Qf3 Kg7 30. Ra8 Rd6 31. Rf2 Qb7 32. Rd8 Rcc6 33. Rxd6 Rxd6 34. Qg3 Qe7 35. Kh2 Rd4 36. Qf3 Qe6 37. Qe3 h5 38. Rf3 Qc6 39. Qf2 Qe6 40. Qe3 Qc6 41. Qf2 Qe6 42. Qe3 1/2-1/2